উচ্চ মাধ্যমিক বীজগণিত ও ত্রিকোণমিতি : (Record no. 6586)
[ view plain ]
| 000 -LEADER | |
|---|---|
| fixed length control field | 00853nam a2200229 a 4500 |
| 001 - CONTROL NUMBER | |
| JCCL Control Number | 6586 |
| 003 - CONTROL NUMBER IDENTIFIER | |
| JCCL marc code | BD-JhCC |
| 005 - DATE AND TIME OF LATEST TRANSACTION | |
| control field | 20200402134008.0 |
| 008 - FIXED-LENGTH DATA ELEMENTS--GENERAL INFORMATION | |
| fixed length control field | 180125s2001 bg a|||| |||| 000 0 mul d |
| 035 ## - SYSTEM CONTROL NUMBER | |
| system control number | (BD-JhCC)6586 |
| 040 ## - CATALOGING SOURCE | |
| Original cataloging agency | BD-JhCC |
| Modifying agency | BD-JhCC |
| 041 ## - LANGUAGE CODE | |
| Language code of Book | Bengali and English |
| 082 ## - DEWEY DECIMAL CLASSIFICATION NUMBER | |
| Classification number | 512 |
| Author mark and Year | UZZ 2001 |
| 100 ## - MAIN ENTRY--PERSONAL NAME | |
| Personal name | উজ-জামান, আফসার |
| 245 ## - TITLE STATEMENT | |
| Title | উচ্চ মাধ্যমিক বীজগণিত ও ত্রিকোণমিতি : |
| Remainder of title | একাদশ ও দ্বাদশ শ্রেণীর জন্য / |
| Statement of responsibility, etc | প্রফেসর আফসার উজ-জামান |
| 250 ## - EDITION STATEMENT | |
| Edition statement | 3rd Edi. |
| 260 ## - PUBLICATION, DISTRIBUTION, ETC. (IMPRINT) | |
| Place of publication, distribution, etc | ঢাকা : |
| Name of publisher, distributor, etc | আইডিয়াল লাইব্রেরী, |
| Date of publication, distribution, etc | 2001. |
| 300 ## - PHYSICAL DESCRIPTION | |
| Pagination | Verious Pages : |
| Other physical details | illus., |
| Dimensions | 24 cm. |
| 650 ## - SUBJECT ADDED ENTRY--TOPICAL TERM | |
| Topical term or geographic name as entry element | Algebra |
| 942 ## - ADDED ENTRY ELEMENTS (KOHA) | |
| Source of classification or shelving scheme | Dewey Decimal Classification |
| Koha item type | Books |
| Koha issues (borrowed), all copies | 2 |
| Source of classification or shelving scheme | Damaged status | Not for loan | Home library | Current library | Shelving location | Date of accession | Cost, normal purchase price | Total Checkouts | Full call number | Barcode | Date last seen | Date checked out | Copy number | Koha item type |
|---|---|---|---|---|---|---|---|---|---|---|---|---|---|---|
| Dewey Decimal Classification | JCC Rouf Library | JCC Rouf Library | General Stacks | 01/25/2018 | 65.00 | 1 | 512 UZZ 2001 | 7735 | 04/20/2020 | 04/01/2020 | C-1 | Books |